[Event "Harburg-chA 13th"]
[Site "Hamburg"]
[Date "2018.08.04"]
[Round "2"]
[White "Wennmann, Thorsten"]
[Black "Kurth, Michael"]
[Result "1/2-1/2"]
[WhiteElo "2033"]
[BlackElo "1970"]
[PlyCount "87"]
[EventDate "2018.08.03"]
[EventType "tourn"]
[EventRounds "5"]
[EventCountry "GER"]
[SourceTitle "EXT 2019"]
[Source "ChessBase"]
[SourceDate "2018.10.10"]
[SourceVersion "1"]
[SourceVersionDate "2018.10.10"]
[SourceQuality "1"]

1. e4 c5 2. Nf3 Nf6 3. e5 Nd5 4. Nc3 Nxc3 5. dxc3 e6 6. Bf4 Be7 7. h4 Nc6 8. Qd3 b6 9. 0-0-0 Bb7 10. Qe3 Qc7 11. Be2 h6 12. h5 0-0-0 13. Nd2 d5 14. exd6 Bxd6 15. Bxd6 Rxd6 16. Nc4 Rxd1+ 17. Rxd1 Rd8 18. Rxd8+ Nxd8 19. g3 Bd5 20. a4 Nc6 21. f4 Ne7 22. Ne5 Nf5 23. Qf2 Nd6 24. c4 Be4 25. b3 f6 26. Nf3 Bc6 27. Qe3 Qd7 28. Bd3 Nf5 29. Bxf5 exf5 30. Ng1 Qe8 31. Qf2 Qe4 32. a5 Be8 33. axb6 axb6 34. Ne2 Bxh5 35. Nc3 Qb7 36. Qe3 Bf7 37. Nb5 Qd7 38. Qc3 Be8 39. Qa1 Kd8 40. Qa6 Qc6 41. Qa7 Qh1+ 42. Kb2 Bxb5 43. Qxb6+ Kd7 44. cxb5 1/2-1/2

[Event "Harburg-chA 11th"]
[Site "Hamburg"]
[Date "2016.10.03"]
[Round "5"]
[White "Wenzel, Birger"]
[Black "Kurth, Michael"]
[Result "1-0"]
[WhiteElo "2007"]
[BlackElo "2018"]
[PlyCount "93"]
[EventDate "2016.10.01"]
[EventType "tourn"]
[EventRounds "5"]
[EventCountry "GER"]
[SourceTitle "EXT 2018"]
[Source "ChessBase"]
[SourceDate "2017.10.13"]
[SourceVersion "1"]
[SourceVersionDate "2017.10.13"]
[SourceQuality "1"]

1. d4 Nf6 2. c4 e5 3. dxe5 Ng4 4. Bf4 Bb4+ 5. Nd2 Nc6 6. Ngf3 Qe7 7. e3 Ngxe5 8. Nxe5 Nxe5 9. Be2 d6 10. 0-0 Ng6 11. Qa4+ Kf8 12. Qxb4 Nxf4 13. exf4 Qxe2 14. Rfe1 Qh5 15. Ne4 h6 16. c5 dxc5 17. Nxc5 Kg8 18. Re7 Qd5 19. Qe4 Qxe4 20. Nxe4 f5 21. Ng3 h5 22. Rae1 Rh6 23. Re8+ Kh7 24. Nxf5 Rf6 25. Ne7 Rxf4 26. Rxc8 Rxc8 27. Nxc8 a6 28. Ne7 Rd4 29. Nf5 Rd2 30. Rb1 g5 31. Kf1 h4 32. Ke1 Rd5 33. Ne3 Ra5 34. a3 Re5 35. Rd1 Re7 36. Rd5 Kg6 37. h3 b6 38. Ke2 Re6 39. b4 c6 40. Rd7 Kh5 41. Rh7+ Kg6 42. Ra7 c5 43. bxc5 bxc5 44. Rc7 Rb6 45. Rxc5 Rb2+ 46. Kf3 Rb6 47. Kg4 1-0

[Event "Harburg-chA 11th"]
[Site "Hamburg"]
[Date "2016.10.02"]
[Round "4"]
[White "Kurth, Michael"]
[Black "Pajeken, Jakob Leon"]
[Result "1/2-1/2"]
[WhiteElo "2018"]
[BlackElo "2061"]
[PlyCount "104"]
[EventDate "2016.10.01"]
[EventType "tourn"]
[EventRounds "5"]
[EventCountry "GER"]
[SourceTitle "EXT 2018"]
[Source "ChessBase"]
[SourceDate "2017.10.13"]
[SourceVersion "1"]
[SourceVersionDate "2017.10.13"]
[SourceQuality "1"]

1. e4 e5 2. Nf3 Nc6 3. Bb5 a6 4. Bxc6 dxc6 5. d4 exd4 6. Qxd4 Qxd4 7. Nxd4 Bd7 8. Nc3 0-0-0 9. Nde2 Bc5 10. f3 Ne7 11. Bd2 f6 12. 0-0-0 Ng6 13. Nf4 Ne5 14. Nd3 Ba7 15. Nxe5 fxe5 16. Bg5 Rde8 17. Rd3 Rhf8 18. Rhd1 Be6 19. b3 Bc5 20. Kb2 Bd6 21. h3 h6 22. Be3 b5 23. a3 Rf7 24. Bg1 g5 25. Be3 Rf6 26. Ne2 Rg8 27. Ng3 Rgg6 28. b4 Rf8 29. Rc3 Kb7 30. Bc5 Bc8 31. Rcd3 Bxc5 32. bxc5 Rgg8 33. Kc3 Be6 34. Kb4 a5+ 35. Kc3 Kc8 36. Kb2 Rf7 37. R3d2 Rgf8 38. Nh5 Re7 39. Ng3 Bd7 40. Rd3 Rff7 41. Nh5 Re6 42. Ng3 Re8 43. Nh5 Ree7 44. Ng3 Rh7 45. Nh5 Ref7 46. R3d2 Rf8 47. Rd3 Kd8 48. R3d2 Rff7 49. Rd3 Ke8 50. R3d2 Rf8 51. Rd3 Re7 52. R3d2 Rff7 1/2-1/2

[Event "Harburg-chA 11th"]
[Site "Hamburg"]
[Date "2016.10.01"]
[Round "1"]
[White "Kurth, Michael"]
[Black "Parvanyan, Alfred"]
[Result "1/2-1/2"]
[WhiteElo "2018"]
[BlackElo "1970"]
[PlyCount "49"]
[EventDate "2016.10.01"]
[EventType "tourn"]
[EventRounds "5"]
[EventCountry "GER"]
[SourceTitle "EXT 2018"]
[Source "ChessBase"]
[SourceDate "2017.10.13"]
[SourceVersion "1"]
[SourceVersionDate "2017.10.13"]
[SourceQuality "1"]

1. e4 e6 2. d4 d5 3. e5 c5 4. Nf3 Nc6 5. Bd3 Nh6 6. 0-0 Nf5 7. c3 cxd4 8. Bxf5 exf5 9. cxd4 Be7 10. Nc3 Be6 11. Qb3 Rb8 12. a4 g5 13. Rd1 f4 14. Ne1 Qb6 15. Qb5 Rd8 16. g3 fxg3 17. hxg3 Qc7 18. Qe2 h5 19. Nb5 Qb6 20. a5 Nxa5 21. Nd6+ Kf8 22. Rxa5 Qxa5 23. Nxb7 Qb6 24. Nxd8 Bxd8 25. Be3 1/2-1/2

[Event "Bargteheide op"]
[Site "Bargteheide"]
[Date "2016.05.05"]
[Round "1"]
[White "Colpe, Malte"]
[Black "Kurth, Michael"]
[Result "1-0"]
[WhiteElo "2385"]
[BlackElo "2035"]
[PlyCount "63"]
[EventDate "2016.05.05"]
[EventType "swiss"]
[EventRounds "7"]
[EventCountry "GER"]
[SourceTitle "CBM 172 Extra"]
[Source "ChessBase"]
[SourceDate "2016.06.21"]
[SourceVersion "1"]
[SourceVersionDate "2016.06.21"]
[SourceQuality "1"]

1. d4 Nf6 2. c4 b6 3. Nf3 Bb7 4. g3 e6 5. Bg2 Bb4+ 6. Bd2 Bxd2+ 7. Qxd2 0-0 8. 0-0 d6 9. Nc3 Nbd7 10. d5 e5 11. e4 Nc5 12. Nh4 Nh5 13. b4 Nd7 14. Rac1 a5 15. a3 g6 16. Nd1 axb4 17. axb4 Ra3 18. Qb2 Ra7 19. Nc3 Qa8 20. Nb5 Ra2 21. Qc3 Qb8 22. Ra1 Rxa1 23. Qxa1 c6 24. dxc6 Bxc6 25. Rd1 Ndf6 26. Nxd6 Rd8 27. c5 bxc5 28. bxc5 Qb3 29. Rb1 Qc2 30. Rc1 Qd2 31. Nf3 Qh6 32. Nxf7 1-0

[Event "Hamburg St Pauli op-A"]
[Site "Hamburg"]
[Date "2015.07.21"]
[Round "5"]
[White "Kurth, Michael"]
[Black "Knauer, Frank"]
[Result "1-0"]
[WhiteElo "1991"]
[BlackElo "1830"]
[PlyCount "109"]
[EventDate "2015.07.18"]
[EventType "swiss"]
[EventRounds "9"]
[EventCountry "GER"]
[SourceTitle "EXT 2016"]
[Source "ChessBase"]
[SourceDate "2015.10.08"]
[SourceVersion "1"]
[SourceVersionDate "2015.10.08"]
[SourceQuality "1"]

1. e4 d6 2. b3 Nf6 3. Nc3 g6 4. Bb2 Bg7 5. Nd5 e5 6. Nxf6+ Qxf6 7. Qf3 Nd7 8. 0-0-0 0-0 9. Qxf6 Nxf6 10. f3 Be6 11. d4 Rad8 12. Bd3 Nh5 13. Ne2 exd4 14. Nxd4 Nf4 15. Nxe6 Nxd3+ 16. Rxd3 Bxb2+ 17. Kxb2 fxe6 18. c4 Rd7 19. Rhd1 Rfd8 20. b4 c6 21. Kb3 Kf7 22. a4 Ke7 23. a5 a6 24. Ka4 d5 25. exd5 cxd5 26. cxd5 Rxd5 27. Rxd5 Rxd5 28. Rc1 Kd7 29. Rc2 Rd1 30. Kb3 h5 31. Rc5 Rd2 32. Rg5 h4 33. h3 Kd6 34. Rxg6 Kd5 35. Kc3 Re2 36. Rg4 e5 37. Rg6 e4 38. f4 Rf2 39. Rg5+ Kc6 40. Kd4 Rxf4 41. Rg6+ Kc7 42. Ke3 Rf5 43. Rg4 Rh5 44. Kxe4 Rb5 45. Kf3 Rh5 46. g3 hxg3 47. Kxg3 Rb5 48. h4 Kc6 49. Rf4 Kd7 50. Kg4 Ke7 51. h5 b6 52. h6 bxa5 53. bxa5 Rb8 54. Kh5 Rb1 55. h7 1-0

[Event "Hamburg CupT"]
[Site "Hamburg"]
[Date "2012.02.18"]
[Round "1.4"]
[White "Kurth, Michael"]
[Black "Schulenburg, Knud"]
[Result "1/2-1/2"]
[WhiteElo "1967"]
[BlackElo "1887"]
[PlyCount "170"]
[EventDate "2012.02.18"]
[EventType "team-k.o."]
[EventRounds "4"]
[EventCountry "GER"]
[SourceTitle "EXT 2022"]
[Source "ChessBase"]
[SourceDate "2021.10.06"]
[SourceVersion "1"]
[SourceVersionDate "2021.10.06"]
[SourceQuality "1"]
[WhiteTeam "Hamburger SK"]
[BlackTeam "Fischbek"]
[WhiteTeamCountry "GER"]
[BlackTeamCountry "GER"]

1. e4 d6 2. d4 Nf6 3. Bd3 g6 4. Bg5 Bg7 5. Nf3 c5 6. c3 Bg4 7. Nbd2 0-0 8. h3 Bxf3 9. Nxf3 cxd4 10. cxd4 Nc6 11. Qd2 Rc8 12. 0-0 d5 13. Bxf6 Bxf6 14. e5 Bg7 15. Rfc1 Qb6 16. Bf1 f6 17. Rc5 fxe5 18. Rb5 Qc7 19. dxe5 e6 20. Rc1 Qe7 21. Rbc5 Rcd8 22. Qe1 Rxf3 23. Rxc6 bxc6 24. gxf3 Qg5+ 25. Bg2 Rc8 26. Rc2 d4 27. Qe4 Qxe5 28. f4 Qxe4 29. Bxe4 c5 30. Bd3 Bh6 31. b4 Bxf4 32. bxc5 Kf7 33. Kg2 Kf6 34. Kf3 Bc7 35. Ke4 Rd8 36. Rc4 e5 37. Ra4 a5 38. Ra3 Rb8 39. Kd5 Ke7 40. Kc6 Kd8 41. Be4 Rb2 42. Rf3 a4 43. Rf8+ Ke7 44. Ra8 Bd8 45. Ra7+ Ke6 46. Rxh7 Rxf2 47. Bxg6 Rf4 48. Bd3 e4 49. Bc4+ Ke5 50. Rd7 Bh4 51. Rd5+ Kf6 52. Rxd4 Bf2 53. Rd6+ Ke5 54. Re6+ Kd4 55. Be2 Rf5 56. Bg4 Rxc5+ 57. Kb6 Kc3 58. Ka6 Kd4 59. Rf6 e3 60. Rf4+ Kd3 61. Rxa4 e2 62. Ra3+ Kd2 63. Bxe2 Kxe2 64. Rb3 Rh5 65. a4 Be3 66. Rb2+ Kf3 67. Rh2 Bf4 68. Rb2 Rxh3 69. Rb3+ Kg4 70. Rb4 Ra3 71. Kb5 Kf5 72. Rd4 Bc7 73. Rd7 Bf4 74. a5 Be3 75. Rf7+ Ke6 76. Rf3 Kd6 77. a6 Rb3+ 78. Kc4 Ra3 79. Rf6+ Kc7 80. Kd5 Kb8 81. Re6 Ka7 82. Ke4 Bb6 83. Kd5 Kxa6 84. Kc4 Ra4+ 85. Kc3 Ra5 1/2-1/2

[Event "Harburg-chB 9th"]
[Site "Hamburg"]
[Date "2011.08.21"]
[Round "5"]
[White "Kurth, Michael"]
[Black "Krause, Benedict"]
[Result "0-1"]
[WhiteElo "2035"]
[BlackElo "1875"]
[PlyCount "50"]
[EventDate "2011.08.19"]
[EventType "tourn"]
[EventRounds "5"]
[EventCountry "GER"]
[SourceTitle "EXT 2012"]
[Source "ChessBase"]
[SourceDate "2011.11.24"]
[SourceVersion "1"]
[SourceVersionDate "2011.11.24"]
[SourceQuality "1"]

1. e4 c5 2. Nf3 e6 3. d4 cxd4 4. Qxd4 Nc6 5. Qa4 g6 6. Bg5 Qb6 7. Qb5 Qxb5 8. Bxb5 Bg7 9. c3 Nge7 10. Nbd2 0-0 11. 0-0 f6 12. Be3 d5 13. Bc5 Rd8 14. Rad1 b6 15. Bxe7 Nxe7 16. Nd4 a6 17. Nc6 Nxc6 18. Bxc6 Rb8 19. Nf3 Bb7 20. exd5 exd5 21. Bxb7 Rxb7 22. Rfe1 Rbd7 23. Nd4 Rd6 24. Re7 f5 25. Ne6 Bf6 0-1

[Event "Hamburg CupT"]
[Site "Hamburg"]
[Date "2011.02.12"]
[Round "1.2"]
[White "Kurth, Michael"]
[Black "Abul Kashem, Mottakin"]
[Result "1-0"]
[WhiteElo "2062"]
[BlackElo "1885"]
[PlyCount "99"]
[EventDate "2011.02.12"]
[EventType "team-k.o."]
[EventRounds "4"]
[EventCountry "GER"]
[SourceTitle "EXT 2022"]
[Source "ChessBase"]
[SourceDate "2021.10.06"]
[SourceVersion "1"]
[SourceVersionDate "2021.10.06"]
[SourceQuality "1"]
[WhiteTeam "Hamburger SK"]
[BlackTeam "Hamburg Weisse Dame"]
[WhiteTeamCountry "GER"]
[BlackTeamCountry "GER"]

1. e4 c5 2. Nf3 g6 3. d4 cxd4 4. Qxd4 Nf6 5. e5 Nc6 6. Qa4 Nd5 7. c4 Nb6 8. Qd1 d5 9. exd6 Qxd6 10. Qxd6 exd6 11. Na3 Bf5 12. Nb5 0-0-0 13. Nbd4 Re8+ 14. Be3 Bh6 15. Nxf5 gxf5 16. 0-0-0 Bxe3+ 17. fxe3 Kc7 18. Nd4 Nxd4 19. exd4 Rhg8 20. Rg1 d5 21. c5 Nc4 22. Bxc4 dxc4 23. d5 b5 24. d6+ Kc6 25. d7 Rd8 26. Rd6+ Kxc5 27. Rgd1 Rg6 28. R6d5+ Kc6 29. g3 Re6 30. Rxf5 Re7 31. Rf6+ Kc5 32. Rf5+ Kb4 33. Rfd5 a5 34. g4 a4 35. a3+ Ka5 36. Rd6 Re6 37. h3 Rxd6 38. Rxd6 b4 39. Rd5+ Kb6 40. axb4 Kc6 41. Rc5+ Kd6 42. Rxc4 Rxd7 43. Rd4+ Kc6 44. Rxd7 Kxd7 45. g5 Kc6 46. Kc2 Kb6 47. Kc3 Kb5 48. h4 Kb6 49. Kc4 Kc6 50. b5+ 1-0

[Event "Hamburg St Pauli op-A"]
[Site "Hamburg"]
[Date "2010.07.11"]
[Round "2"]
[White "Nedic, Dusan"]
[Black "Kurth, Michael"]
[Result "1-0"]
[WhiteElo "2352"]
[BlackElo "2042"]
[PlyCount "75"]
[EventDate "2010.07.10"]
[EventType "swiss"]
[EventRounds "9"]
[EventCountry "GER"]
[SourceTitle "EXT 2013"]
[Source "ChessBase"]
[SourceDate "2012.11.22"]
[SourceVersion "1"]
[SourceVersionDate "2012.11.22"]
[SourceQuality "1"]

1. d4 e5 2. dxe5 d6 3. Nf3 Bg4 4. Bf4 Nc6 5. exd6 Qf6 6. Qc1 Bxd6 7. Bxd6 Qxd6 8. Qd2 0-0-0 9. Qxd6 Rxd6 10. c3 Bxf3 11. gxf3 Nge7 12. Nd2 Rhd8 13. 0-0-0 f5 14. f4 Na5 15. e3 c5 16. Be2 Kc7 17. Rhg1 g6 18. h4 h5 19. Nf3 Nac6 20. Rxd6 Rxd6 21. Bc4 Rf6 22. Ne5 a6 23. a4 a5 24. Kc2 b6 25. Bb5 Nxe5 26. fxe5 Rf8 27. Rd1 Rd8 28. Rxd8 Kxd8 29. Kd3 Kc7 30. Ke2 f4 31. Bd3 Kd7 32. exf4 Ke6 33. Bc4+ Kd7 34. Bf7 Kc6 35. Kd3 Kd7 36. Ke4 Kc6 37. Be8+ Kc7 38. f5 1-0

[Event "Hamburg St Pauli op-A"]
[Site "Hamburg"]
[Date "2010.07.10"]
[Round "1"]
[White "Kurth, Michael"]
[Black "Hebbinghaus, Holger"]
[Result "1/2-1/2"]
[WhiteElo "2042"]
[BlackElo "2291"]
[PlyCount "38"]
[EventDate "2010.07.10"]
[EventType "swiss"]
[EventRounds "9"]
[EventCountry "GER"]
[SourceTitle "EXT 2013"]
[Source "ChessBase"]
[SourceDate "2012.11.22"]
[SourceVersion "1"]
[SourceVersionDate "2012.11.22"]
[SourceQuality "1"]

1. e4 c6 2. d4 d5 3. e5 c5 4. c3 Nc6 5. Bb5 Qb6 6. a4 e6 7. Nf3 a6 8. Bxc6+ bxc6 9. 0-0 a5 10. Re1 Nh6 11. Nbd2 Ba6 12. Nb3 cxd4 13. Nbxd4 c5 14. Qb3 Rb8 15. Qxb6 Rxb6 16. Nb5 Bxb5 17. axb5 Rxb5 18. c4 dxc4 19. Nd2 Nf5 1/2-1/2

[Event "Bargteheide op"]
[Site "Bargteheide"]
[Date "2010.05.13"]
[Round "1"]
[White "Feuerstack, Aljoscha"]
[Black "Kurth, Michael"]
[Result "1-0"]
[WhiteElo "2371"]
[BlackElo "2042"]
[PlyCount "121"]
[EventDate "2010.05.13"]
[EventType "swiss"]
[EventRounds "7"]
[EventCountry "GER"]
[SourceTitle "CBM 136 Extra"]
[Source "ChessBase"]
[SourceDate "2010.07.02"]
[SourceVersion "2"]
[SourceVersionDate "2010.07.15"]
[SourceQuality "1"]

1. e4 c6 2. d4 d5 3. e5 Bf5 4. Nd2 e6 5. Nb3 Nd7 6. Nf3 c5 7. Nxc5 Bxc5 8. dxc5 Qa5+ 9. c3 Qxc5 10. Qa4 Ne7 11. Bb5 Qc7 12. 0-0 Nc6 13. Nd4 0-0 14. Nxf5 exf5 15. Bf4 Nc5 16. Qc2 Ne6 17. Qxf5 Nxf4 18. Qxf4 Qxe5 19. Qh4 Qe7 20. Qxe7 Nxe7 21. Rfd1 Rfd8 22. Rd2 Rac8 23. Rad1 Rd6 24. Kf1 a6 25. Be2 b5 26. Rd4 g6 27. Bf3 Kf8 28. Bxd5 Nxd5 29. Rxd5 Rxd5 30. Rxd5 Rc6 31. Ke2 h5 32. Kd3 Ke7 33. Rd4 f5 34. h4 Re6 35. Kd2 Rc6 36. Kd3 Re6 37. Kd2 Rc6 38. b3 Ke6 39. Kd3 Ke7 40. Rd5 Re6 41. f4 Rc6 42. Kd4 Ke6 43. g3 Ke7 44. c4 bxc4 45. bxc4 Rb6 46. Kc5 Rb2 47. Rd6 Rxa2 48. Rxg6 Ra3 49. Kd5 Kf7 50. Rg5 Kf6 51. Rxh5 Rd3+ 52. Kc5 Rxg3 53. Rh6+ Kg7 54. Rxa6 Rg4 55. Kd5 Rxf4 56. h5 Rf1 57. c5 Re1 58. c6 f4 59. c7 Rd1+ 60. Ke6 Rc1 61. Kd7 1-0

[Event "Bargteheide op"]
[Site "Bargteheide"]
[Date "2007.05.17"]
[Round "2"]
[White "Schwarzkopf, Christian"]
[Black "Kurth, Michael"]
[Result "1/2-1/2"]
[WhiteElo "2216"]
[BlackElo "2081"]
[PlyCount "51"]
[EventDate "2007.05.17"]
[EventType "swiss"]
[EventRounds "7"]
[EventCountry "GER"]
[SourceTitle "EXT 2010"]
[Source "ChessBase"]
[SourceDate "2010.11.25"]
[SourceVersion "1"]
[SourceVersionDate "2010.11.25"]
[SourceQuality "1"]

1. Nf3 Nf6 2. c4 g6 3. g3 Bg7 4. Bg2 0-0 5. 0-0 d6 6. Nc3 e5 7. d3 c6 8. Rb1 Re8 9. b4 d5 10. Qb3 d4 11. Na4 Nbd7 12. Nd2 Nf8 13. Nc5 Ne6 14. Nxe6 Rxe6 15. a4 Rb8 16. Ra1 b6 17. Ba3 Bh6 18. Qa2 Bb7 19. Bc1 Bf8 20. b5 c5 21. a5 Bxg2 22. Kxg2 Qc8 23. axb6 Qb7+ 24. Kg1 axb6 25. Qa6 Ree8 26. Qxb7 1/2-1/2

[Event "Hamburg HSK Elo op 5th"]
[Site "Hamburg"]
[Date "2007.04.29"]
[Round "4.13"]
[White "Kurth, Michael"]
[Black "Marquardt, Rolf"]
[Result "1-0"]
[WhiteElo "2072"]
[BlackElo "1724"]
[PlyCount "89"]
[EventDate "2007.04.28"]
[EventType "swiss"]
[EventRounds "7"]
[EventCountry "GER"]
[SourceTitle "EXT 2009"]
[Source "ChessBase"]
[SourceDate "2008.11.26"]
[SourceVersion "1"]
[SourceVersionDate "2008.11.26"]
[SourceQuality "1"]

1. e4 e6 2. e5 d5 3. exd6 Bxd6 4. Nf3 e5 5. d3 Bg4 6. Be2 Nf6 7. Nxe5 Bxe5 8. Bxg4 Qe7 9. 0-0 Nc6 10. Nc3 Qb4 11. Bf3 Nd4 12. Re1 Nd7 13. a3 Qd6 14. Bxb7 Rb8 15. Bf3 0-0 16. h3 Rfe8 17. Ne4 Qc6 18. c3 Nb3 19. Rb1 f5 20. Ng3 Qf6 21. Bd5+ Kf8 22. Bxb3 Bxg3 23. Rxe8+ Kxe8 24. fxg3 Qb6+ 25. d4 Qxb3 26. Qxb3 Rxb3 27. Bf4 Kd8 28. Kf1 Nb6 29. Ke2 Na4 30. Kd3 Rxb2 31. Rxb2 Nxb2+ 32. Kc2 Nc4 33. Kb3 Na5+ 34. Kb4 Nc6+ 35. Kb5 Nb8 36. Kc5 Kd7 37. d5 Na6+ 38. Kb5 Nb8 39. c4 Kc8 40. c5 Kd8 41. c6 Kc8 42. Be5 g5 43. Bf6 g4 44. hxg4 fxg4 45. Bg5 1-0

[Event "Hamburg Junge op"]
[Site "Hamburg"]
[Date "2005.10.03"]
[Round "3"]
[White "Costello, Colin"]
[Black "Kurth, Michael"]
[Result "1-0"]
[WhiteElo "2012"]
[BlackElo "2167"]
[PlyCount "69"]
[EventDate "2005.10.01"]
[EventType "swiss"]
[EventRounds "9"]
[EventCountry "GER"]
[SourceTitle "CBM 108 Extra"]
[Source "ChessBase"]
[SourceDate "2005.11.04"]
[SourceVersion "1"]
[SourceVersionDate "2005.11.04"]
[SourceQuality "1"]

1. c4 g6 2. Nc3 Bg7 3. Nf3 f5 4. g3 Nf6 5. Bg2 0-0 6. 0-0 d6 7. d3 e5 8. Rb1 c6 9. b4 a6 10. a4 h6 11. b5 axb5 12. axb5 c5 13. Bb2 Nbd7 14. Ra1 Rxa1 15. Qxa1 Nb6 16. Nd2 g5 17. Qa7 Qc7 18. Ra1 Rf7 19. Na4 Nxa4 20. Rxa4 Kh7 21. Qa8 Nd7 22. Ra1 h5 23. Qa7 Nf6 24. e3 Bh6 25. d4 e4 26. dxc5 dxc5 27. Nb3 Bf8 28. Rd1 Be6 29. Bf1 Ng4 30. Qa5 b6 31. Qa8 h4 32. Rd8 hxg3 33. hxg3 Kg8 34. Qb8 Qa7 35. Rxf8+ 1-0

[Event "Hamburg Junge op"]
[Site "Hamburg"]
[Date "2005.10.02"]
[Round "2"]
[White "Kurth, Michael"]
[Black "Berg, Klaus"]
[Result "0-1"]
[WhiteElo "2167"]
[BlackElo "2402"]
[PlyCount "99"]
[EventDate "2005.10.01"]
[EventType "swiss"]
[EventRounds "9"]
[EventCountry "GER"]
[SourceTitle "CBM 108 Extra"]
[Source "ChessBase"]
[SourceDate "2005.11.04"]
[SourceVersion "1"]
[SourceVersionDate "2005.11.04"]
[SourceQuality "1"]

1. b3 d5 2. Nf3 Bg4 3. Ne5 Bf5 4. Bb2 f6 5. Nf3 e5 6. e3 c5 7. Bb5+ Nd7 8. 0-0 a6 9. Be2 Bd6 10. Nh4 Be6 11. Bg4 Qe7 12. f4 Bxg4 13. Qxg4 Nh6 14. Qh5+ Qf7 15. Qxf7+ Kxf7 16. Nc3 exf4 17. Nxd5 fxe3 18. Nxe3 Rhe8 19. Rae1 Rad8 20. d3 Bxh2+ 21. Kxh2 Rxe3 22. Bc1 Ng4+ 23. Kg1 Rxe1 24. Rxe1 g6 25. Nf3 Re8 26. Rxe8 Kxe8 27. a4 Ke7 28. Kf1 Ke6 29. Ke2 h6 30. c4 g5 31. Bd2 f5 32. a5 Nge5 33. d4 Nxf3 34. d5+ Ke5 35. gxf3 Kd4 36. f4 g4 37. Kf2 Kd3 38. Be1 Kc2 39. b4 Kb3 40. bxc5 Nxc5 41. Ke3 Kxc4 42. d6 Kd5 43. Bb4 Nd7 44. Kf2 Kc4 45. Be1 Kc5 46. Kg3 Kxd6 47. Kh4 Nf6 48. Bb4+ Ke6 49. Bf8 Nd5 50. Bc5 0-1

[Event "Hamburg Junge op"]
[Site "Hamburg"]
[Date "2005.10.01"]
[Round "1"]
[White "Akram, Rashed"]
[Black "Kurth, Michael"]
[Result "0-1"]
[WhiteElo "1839"]
[BlackElo "2167"]
[PlyCount "50"]
[EventDate "2005.10.01"]
[EventType "swiss"]
[EventRounds "9"]
[EventCountry "GER"]
[SourceTitle "CBM 108 Extra"]
[Source "ChessBase"]
[SourceDate "2005.11.04"]
[SourceVersion "1"]
[SourceVersionDate "2005.11.04"]
[SourceQuality "1"]

1. e4 d5 2. exd5 Qxd5 3. Nc3 Qa5 4. d4 c6 5. Bc4 Nf6 6. Bd2 Bf5 7. Nf3 e6 8. Qe2 Bb4 9. 0-0-0 Nbd7 10. h3 Bxc3 11. Bxc3 Qc7 12. Bd2 0-0 13. Nh4 Be4 14. f3 Bd5 15. g4 b5 16. Bd3 a5 17. b3 Qd6 18. Kb2 b4 19. a4 c5 20. g5 Nh5 21. dxc5 Nxc5 22. Ng2 g6 23. Rde1 Bxb3 24. Bxg6 hxg6 25. cxb3 Nd3+ 0-1

[Event "Wichern op 5th"]
[Site "Hamburg"]
[Date "1999.10.15"]
[Round "1.44"]
[White "Kurth, Michael"]
[Black "Gawehns, Klaus"]
[Result "0-1"]
[WhiteElo "1975"]
[BlackElo "2402"]
[PlyCount "112"]
[EventDate "1999.10.15"]
[EventType "swiss"]
[EventRounds "9"]
[EventCountry "GER"]
[SourceTitle "EXT 2001"]
[Source "ChessBase"]
[SourceDate "2000.11.22"]
[SourceVersion "1"]
[SourceVersionDate "2000.11.22"]
[SourceQuality "1"]

1. e4 b6 2. d4 Bb7 3. Nc3 e6 4. a3 Nf6 5. Bd3 Be7 6. Nf3 d5 7. exd5 Nxd5 8. Nxd5 Qxd5 9. 0-0 0-0 10. c4 Qd8 11. Be3 Nd7 12. Ne5 Nxe5 13. dxe5 Bc5 14. Qe2 Qh4 15. Rfd1 Rad8 16. Rd2 Bd4 17. Bxd4 Rxd4 18. Rad1 Rfd8 19. Qe3 c5 20. g3 Qg4 21. Be2 Qe4 22. Qxe4 Bxe4 23. Rxd4 cxd4 24. Rd2 f6 25. f4 fxe5 26. fxe5 d3 27. Bg4 Kf7 28. Kf2 Rc8 29. b3 Rc5 30. Ke3 Rxe5 31. Kd4 Kf6 32. Rf2+ Bf5 33. Bxf5 Re2 34. Rf3 exf5 35. Rxd3 Rxh2 36. b4 Rc2 37. Kd5 g5 38. c5 bxc5 39. bxc5 h5 40. Kd6 g4 41. c6 f4 42. gxf4 h4 43. Kd7 g3 44. Rd6+ Kf5 45. c7 Rxc7+ 46. Kxc7 g2 47. Rd5+ Kxf4 48. Rd4+ Kg3 49. Rd3+ Kf2 50. Rd2+ Kf3 51. Rd1 h3 52. Rd3+ Kg4 53. Rd4+ Kg3 54. Rd3+ Kh2 55. Rd2 Kh1 56. Rd3 h2 0-1